Southville International School and Colleges
Your cart is empty.
  • Cart
  • Lists
    Public lists Eva Luna New books Lux_list list_1
    Your lists Log in to create your own lists
  • Log in to your account
  • Your cookies
  • Search history
Southville International School and Colleges
  • Advanced search
  • Recent comments
  • Most popular
  • Libraries

Log in to your account

Log in with GOOGLE


If you do not have an external account, but do have a local account, you can still log in:

  1. Home
  2. MARC view: The legacy of George W. Bush's foreign policy /
Normal view MARC view ISBD view

The legacy of George W. Bush's foreign policy / (Record no. 344574)

[ view plain ]
MARC details
000 -LEADER
fixed length control field 00687nam a2200253Ia 4500
008 - FIXED-LENGTH DATA ELEMENTS--GENERAL INFORMATION
fixed length control field 171025s9999 xx 000 0 und d
020 ## - INTERNATIONAL STANDARD BOOK NUMBER
International Standard Book Number 9780813344461
050 ## - LIBRARY OF CONGRESS CALL NUMBER
Classification number 327.3
050 ## - LIBRARY OF CONGRESS CALL NUMBER
Item number P381 2009
100 ## - MAIN ENTRY--PERSONAL NAME
Personal name Peleg, Ilan
245 #4 - TITLE STATEMENT
Title The legacy of George W. Bush's foreign policy /
245 ## - TITLE STATEMENT
Statement of responsibility, etc by Ilan Peleg.
260 ## - PUBLICATION, DISTRIBUTION, ETC. (IMPRINT)
Place of publication, distribution, etc USA :
260 ## - PUBLICATION, DISTRIBUTION, ETC. (IMPRINT)
Name of publisher, distributor, etc West View Press,
260 ## - PUBLICATION, DISTRIBUTION, ETC. (IMPRINT)
Date of publication, distribution, etc 2009
300 ## - PHYSICAL DESCRIPTION
Extent xv, 202 pages :
300 ## - PHYSICAL DESCRIPTION
Other physical details illustrations ;
300 ## - PHYSICAL DESCRIPTION
Dimensions 23cm.
500 ## - GENERAL NOTE
General note Includes bibliographic reference and index.
650 ## - SUBJECT ADDED ENTRY--TOPICAL TERM
Topical term or geographic name as entry element Bush, George W. (George Walker), 1946.
650 ## - SUBJECT ADDED ENTRY--TOPICAL TERM
Topical term or geographic name as entry element United States --
650 ## - SUBJECT ADDED ENTRY--TOPICAL TERM
General subdivision Foreign relations -- 2001.
700 ## - ADDED ENTRY--PERSONAL NAME
Personal name Title.
Holdings
Withdrawn status Lost status Damaged status Home library Current library Date acquired Total Checkouts Full call number Barcode Date last seen Price effective from Koha item type
      Stonyhurst Southville International School (Malarayat) Stonyhurst Southville International School (Malarayat) 10/25/2017   SHS 327.3 P381 2009 SSISM3627 10/25/2017 10/25/2017 Books

The legacy of George W. Bush's foreign policy /

APA

Peleg I., Title, .The legacy of George W. Bush's foreign policy. USA: .

Chicago

Peleg Ilan, Title, .The legacy of George W. Bush's foreign policy. USA: .

Harvard

Peleg I., Title, .The legacy of George W. Bush's foreign policy. USA: .

MLA

Peleg Ilan, Title, .USA: . .

  • Place hold
  • Print
  • Cite
  • Add to your cart (remove)
  • Save record
    BIBTEX Dublin Core MARCXML MARC (non-Unicode/MARC-8) MARC (Unicode/UTF-8) MARC (Unicode/UTF-8, Standard) MODS (XML) RIS
  • More searches
    Search for this title in:
    Other Libraries (WorldCat) Other Databases (Google Scholar) Online Stores (Bookfinder.com) Open Library (openlibrary.org)

Exporting to Dublin Core...

SOUTHVILLE LIBRARY

Southville International School and Colleges Library

1281 Tropical Ave. Cor. Luxembourg St., BF Homes International, Las Pinas City

Tel. No. 8256374 / 252358 Loc. 117/146

Powered by Koha